• 首页
  • 本馆介绍
  • 公告通知
  • 最新文献
  • 馆藏检索
  • 电子资源
  • 读者导购
  • 参考咨询
  • 我的图书馆
  • 登录
  • 详细信息显示
  • 放入我的书架
  • 预约/预借图书
  • 作者相关作品
  • 分类相关作品
  • 丛书相关作品
  • 出版社相关作品

书目信息

  • 表格格式
  • 工作单格式
  • 卡片格式
题名:
简明摄影知识
    
 
作者: 陈勃 著
分册:  
出版信息: 上海   上海人民美术出版社  1959
页数: 79页
开本: 19cm
丛书名: 实用摄影知识丛书
单 册:
中图分类: J41
科图分类:
主题词: 摄影技术--基本知识
电子资源:
ISBN:
000 00643nam2 2200241 45
001 0178005089
005 20070922103235.26
010    @dCNY0.18
091    @a8081.4388
100    @a19950724e19781959em y0chiy0121 ea
101 0  @achi
102    @aCN@b310000
105    @ay z 000yy
200 10 @a简明摄影知识@Ajian ming she ying zhi shi@f陈勃著@Fchen bo zhu
210    @a上海@c上海人民美术出版社@d1959@h1978重印
215    @a79页@d19cm
225 2  @a实用摄影知识丛书
410  0 @120010@a实用摄影知识丛书
606    @a摄影技术@x基本知识
690    @aJ41@v3
701  0 @a陈勃@Achen bo@4著
801  0 @aCN@bNLC@c20070922
905    @dJ41@e1
    
    简明摄影知识/陈勃著.-上海:上海人民美术出版社,1959(1978重印)
    79页;19cm.-(实用摄影知识丛书)
    
    
    ISBN :CNY0.18
    
●
相关链接 在E读中查询图书 在五车中查询图书 在当当中查询图书 在豆瓣中查询图书


正题名:简明摄影知识     索取号:J41/1         预约/预借

序号 登录号 条形码 馆藏地/架位号 状态 备注
1 0002043   001693607   密集书库/ [索取号:J41/1] 在馆    
2 0002045   000572589   第一借阅区/ [索取号:J41/1] 在馆    
3 0002046   000572552   第一样本阅览室/ [索取号:J41/1] 在馆    
4 0053988   202189522   密集书库/ [索取号:J41/1] 在馆    
5 0444217   204442175   密集书库/ [索取号:J41/1] 在馆    
6 0609314   206093145   密集书库/ [索取号:J41/1] 在馆    
7 0791114   207911143   密集书库/ [索取号:J41/1] 在馆    
唐山师范学院图书馆 欢迎您!
大连网信软件有限公司© 版权所有